000 00758nam a2200217 a 4500
001 55659
003 BD-RjUL
005 20211209080310.0
008 161120s1984 ii ||||| |||| 00| 0 ben d
035 _a(BD-RjUL)55783
040 _aBD-RjUL
_bben
_cBD-RjUL
_dBD-RjUL
041 _aben
082 _223
_a954
_bDAV 1984
100 _aদাস, সুনীল
_9165792
245 1 0 _aভারতী ইতিহাস ও রচনাপঞ্জী /
_cসুনীল দাস
260 _aকলিকাতা :
_bসাহিত্যলোক,
_c১৯৮৪.
300 _a৪৬৮ পৃ. :
_bচিত্র ;
_c২১ সেমি.
651 _aভারত
_vইতিহাস
_9165793
651 _aIndia
_vHistory
_9165794
942 _2ddc
_cBK
999 _c55659
_d55659